A dictionary of economics / (Record no. 102000)

MARC details
000 -LEADER
fixed length control field 01057nam a2200325 a 4500
001 - CONTROL NUMBER
control field vtls000098056
003 - CONTROL NUMBER IDENTIFIER
control field NLI
005 - DATE AND TIME OF LATEST TRANSACTION
control field 20210601200645.0
008 - FIXED-LENGTH DATA ELEMENTS--GENERAL INFORMATION
fixed length control field 101125s1951 nyu d 000 0 eng
020 ## - INTERNATIONAL STANDARD BOOK NUMBER
Terms of availability USD 4.50
039 #9 - LEVEL OF BIBLIOGRAPHIC CONTROL AND CODING DETAIL [OBSOLETE]
Level of rules in bibliographic description 201603171555
Level of effort used to assign nonsubject heading access points krishanuc
-- 201011251116
-- VLOAD
040 ## - CATALOGING SOURCE
Original cataloging agency NLI
Language of cataloging eng
Transcribing agency DataSoft
Description conventions AACR2
041 0# - LANGUAGE CODE
Language code of text/sound track or separate title eng
044 ## - COUNTRY OF PUBLISHING/PRODUCING ENTITY CODE
MARC country code nyu
082 04 - DEWEY DECIMAL CLASSIFICATION NUMBER
Classification number 330.3
245 02 - TITLE STATEMENT
Title A dictionary of economics /
Statement of responsibility, etc. compiled by Horold Sloan and Arnold J. Zurcher
260 ## - PUBLICATION, DISTRIBUTION, ETC.
Place of publication, distribution, etc. New York :
Name of publisher, distributor, etc. Barnes & Noble,
Date of publication, distribution, etc. 1951
300 ## - PHYSICAL DESCRIPTION
Extent 279 p. ;
Dimensions 23 cm.
650 #0 - SUBJECT ADDED ENTRY--TOPICAL TERM
Topical term or geographic name entry element Economics
Form subdivision Dictionaries
9 (RLIN) 207358
650 #0 - SUBJECT ADDED ENTRY--TOPICAL TERM
Topical term or geographic name entry element Economics
General subdivision Terminology
9 (RLIN) 129543
700 1# - ADDED ENTRY--PERSONAL NAME
Personal name Sloan, Harld,
Relationship com
9 (RLIN) 207359
700 1# - ADDED ENTRY--PERSONAL NAME
Personal name Zurcher, Arnold J.,
Relationship com
9 (RLIN) 207360
887 ## - NON-MARC INFORMATION FIELD
Content of non-MARC field krishanu
901 ## - LOCAL DATA ELEMENT A, LDA (RLIN)
a 293077 :
b 19.11.1952
902 ## - LOCAL DATA ELEMENT B, LDB (RLIN)
a E 330.3 D 561
905 ## - LOCAL DATA ELEMENT E, LDE (RLIN)
a krishanu
949 ## - LOCAL PROCESSING INFORMATION (OCLC)
-- VIRTUAITEM
-- 10000
-- 100
6 PUR000293077ENG
942 ## - ADDED ENTRY ELEMENTS (KOHA)
Source of classification or shelving scheme Dewey Decimal Classification
Koha item type Books
Holdings
Withdrawn status Lost status Damaged status Not for loan Collection code Home library Current library Shelving location Date acquired Total Checkouts Full call number Barcode Date last seen Price effective from Koha item type
        New English National Library of India National Library of India New English - Main Stack Division     E 330.3 D 561 PUR000293077ENG 01/06/2021 01/06/2021 Books
                                                                           
web counter

Copyright ©2020 The National Library of India, Govt. of India ↔ Hosted by NVLI, MOC ↔ Technology and Design by National Library of India, Ministry of Culture, Govt. of India